00790nam a2200229 i 4500001001000000003000900010005001700019007000300036008004100039040003000080082002400110100003100134245010300165264005000268300004400318336002700362337003300389338002800422650002400450650002700474700005900501000010466DO-SdBNP20250204073951.0ta091007s1986 dr a 000 p spa d aDO-SdBNPbspacBNPHUerda 4aRD861.44bL864e2221 aLópez, Francisco,eautor10aEstampas del camino :bpoemas /cFrancisco López ; presentación, Mariano Lebrón Saviñón. aSanto Domingo :bImpresora La Isabela,c1986. a72 páginas :bilustraciones ;c21 cm. 2rdacontentatextobtxt 2rdamediaasin mediaciónbn 2rdacarrieravolumenbnc 4aPoesía dominicana 0aLiteratura dominicana.1 aLebrón Saviñon, Marianod1922-2014epresentación